DIVUS THOMAS. COMMENTARIUM DE PHILOSOPHIA ET THEOLOGIA. GENNAIO DICEMBRE 1950. (Record n. 328339)

Dettagli MARC
000 -LEADER
fixed length control field 01767nas a2200277Ia 4500
001 - CONTROL NUMBER
control field R050-R9746
003 - CONTROL NUMBER IDENTIFIER
control field IT-CnALBA
008 - FIXED-LENGTH DATA ELEMENTS--GENERAL INFORMATION
fixed length control field 170116c99999999xx |||||||||||| ||und||
040 ## - CATALOGING SOURCE
Original cataloging agency IT-CnALBA
Transcribing agency IT-CnALBA
041 ## - LANGUAGE CODE
Language code of text/sound track or separate title POLIGLOTTA
999 ## - SYSTEM CONTROL NUMBERS (KOHA)
Koha Dewey Subclass [OBSOLETE] NO
100 ## - MAIN ENTRY--PERSONAL NAME
Personal name MASI ROBERTO, MONSIGNORE
210 ## - ABBREVIATED TITLE
Abbreviated title DIVUS THOMAS
222 ## - KEY TITLE
Key title DIVUS THOMAS
245 #0 - TITLE STATEMENT
Title DIVUS THOMAS. COMMENTARIUM DE PHILOSOPHIA ET THEOLOGIA. GENNAIO DICEMBRE 1950.
250 ## - EDITION STATEMENT
Edition statement 1a ed.
260 ## - PUBLICATION, DISTRIBUTION, ETC. (IMPRINT)
Place of publication, distribution, etc. PIACENZA
Name of publisher, distributor, etc. COLLEGIO ALBERONI
Date of publication, distribution, etc. 1950 [1° Ed.:1950 - Ed.Ling.Originale: 1950]
300 ## - PHYSICAL DESCRIPTION
Extent 543 p.
310 ## - CURRENT PUBLICATION FREQUENCY
Current publication frequency TRIMESTRALE
362 ## - DATES OF PUBLICATION AND/OR SEQUENTIAL DESIGNATION
Dates of publication and/or sequential designation Fascicolo: 1-4 / Anno: 53 (1950)
500 ## - GENERAL NOTE
General note INDICE GENERALE ANNATA. BONETTI I. PEREGO A. BATAINI J. ROSSI A. COLOSIO I. IL MOVIMENTO LOCALE. DIPENDENZA DEL VOLERE DALL'INTELLETTO E VOLONTÀ. IL CONCORSO DIVINO PREDETERMINANTE. LA POSSESSIONE ANGELICA. A PROPOSITO DELLA POSSESSIONE ANGELICA. CONGRESSO INTERNAZIONALE STUDI UMANISTICI. NUOVI INDICI DELLE DUE SOMME TOMISTICHE. GIUDIZIO OPERE. NOTE BIBLIOGRAFICHE. DOCUMENTI VARI, ATTI SEDE APOSTOLICA. CONGRESSO. NUOVI GIORNALI O RISTAMPE. VARIE.
501 ## - WITH NOTE
With note Società San Paolo EM - Piazza San Paolo, 14 - 12051 ALBA (CN) (non commercial uses only) ® Copyright 2017
520 ## - SUMMARY, ETC.
Summary, etc. INDICE GENERALE ANNATA. BONETTI I. PEREGO A. BATAINI J. ROSSI A. COLOSIO I. IL MOVIMENTO LOCALE. DIPENDENZA DEL VOLERE DALL'INTELLETTO E VOLONTÀ. IL CONCORSO DIVINO PREDETERMINANTE. LA POSSESSIONE ANGELICA. A PROPOSITO DELLA POSSESSIONE ANGELICA. CONGRESSO INTERNAZIONALE STUDI UMANISTICI. NUOVI INDICI DELLE DUE SOMME TOMISTICHE. GIUDIZIO OPERE. NOTE BIBLIOGRAFICHE. DOCUMENTI VARI, ATTI SEDE APOSTOLICA. CONGRESSO. NUOVI GIORNALI O RISTAMPE. VARIE.
650 ## - SUBJECT ADDED ENTRY--TOPICAL TERM
Topical term or geographic name as entry element TEOLOGIA - FILOSOFIA
942 ## - ADDED ENTRY ELEMENTS (KOHA)
Koha item type RIVISTA
957 ## -
-- 1
999 ## - SYSTEM CONTROL NUMBERS (KOHA)
-- 1
Dati di copia
Withdrawn status Lost status Damaged status Not for loan Home library Current library Date acquired Total Checkouts Full call number Date last seen Price effective from Koha item type Public note
    Buone Condizioni Not For Loan ALBA - Biblioteca ALBA - Biblioteca 16/01/2017   R050-R9746 16/01/2017 16/01/2017 RIVISTA (data import: 16 gennaio 2017) - By Epidotti, Vaglietti.
CREDITS: SOCIETA' SAN PAOLO Via A.Severo, 58 - ROMA (RM) & PERIODICI SAN PAOLO SRL Via Giotto, 36 MILANO & CISF Via Giotto, 36 MILANO & EDIZIONI SAN PAOLO SRL,  Piazza Soncino, 5 CINISELLO BALSAMO (MI) -- ITALY